000 00281nam a22001217a 4500
082 _a823
_bBLY/M
100 _aBLYTON, ENID
245 _aMORE 20 MINUTE TALES
260 _aNEW YORK
_bDRAGON GRANEDA PUB
_c1978
300 _a110
650 _aENGLISH STORY
_zUNITED STATES
942 _cBK
999 _c7256
_d7256